| 000 | 00414nam a2200181Ia 4500 | ||
|---|---|---|---|
| 008 | 210210b1943 xxu||||| |||| 00| 0 eng d | ||
| 041 | _aeng | ||
| 082 | _a320/347 | ||
| 100 | _aLLOYD (Christopher) | ||
| 245 | _aDemocracy and its rivals | ||
| 260 |
_a _bNot Mentioned _c1943 |
||
| 650 | _arivals | ||
| 650 | _aits | ||
| 650 | _aDemocracy | ||
| 650 | _aand | ||
| 690 | _aPolitical Science | ||
| 906 | _a002094 | ||
| 999 |
_c118322 _d118322 |
||